书目信息 |
| 书名: | English for today | |
| 作者: | Project director: William R. Slager. Chief revisers: Lois McIntosh [and others]. Senior consultant: Harold B. Allan. Consultant for readings: Bernice E. Leary. | |
| 分册号: | ||
| 分册名: | 出版地: | New York : |
|
| 出版社: | McGraw-Hill | |
| 出版时间: | 1972-75. | |
| 页数: | v. book 1-6 : | |
| 开本: | 23 cm. | |
| 丛书名: | ||
| 中图分类号: | ||
| 科图分类号: | ||
| 其他分类号: | H31 | |
| 主题词: | ||
| 电子资源: | ||
| 000 | 01734nam 2200301 a 4500 | |
| 001 | E0757009519 | |
| 005 | 20070224160212.01 | |
| 008 | uu | |
| 008 | 720612m19729999nyua 00000 eng | |
| 010 | @a72005105 //r874 | |
| 020 | @a0070458022 (v. 1). | |
| 049 | @aN5LA | |
| 050 | 0 | @aPE1128 @b.E547 1972 |
| 082 | @a428/.2/4 | |
| 090 | @a2/H319.4/ETO/ 1972//////*962131-2/ book 1/ 2cop./*962133-6/ book 3-4/ 2cop./*963419-20/ book 2/ 2cop./*963421-2/ book 5/ 2cop./*963423-4/ book 6/ 2cop./*265955/265959/367840/ book 1/ cop.3-5/367843/ book 2/ cop.3/*265953/265961/367842/ book 3/ cop.3-5/*265954/265970/367841/ book 4/ cop.3-5/265963/ book 1/ cop.6/265951/ book 1/ cop.7/265964/ book 2/ cop.4/265952/ book 2/ cop.5/265965/ book 3/ cop.6/265957/ book 3/ cop.7/265966/ book 4/ cop.6/265958/ book 4/ cop.7/*919382-83/ book 4/ cop.8-9 | |
| 090 | @aH31 | |
| 096 | @aH319.4 @v2 | |
| 099 | @dH31@ex115:4=2 | |
| 245 | 00 | @aEnglish for today / @cProject director: William R. Slager. Chief revisers: Lois McIntosh [and others]. Senior consultant: Harold B. Allan. Consultant for readings: Bernice E. Leary.@nBook Four:our changing technology. |
| 250 | @a2nd ed. | |
| 260 | 0 | @aNew York :@bMcGraw-Hill,@c1972-75. |
| 300 | @av. book 1-6 :@bill. ;@c23 cm. | |
| 500 | @a"Student text." | |
| 505 | 1 | @aBook 1. At home and at school.--book 2. The world we live in.--book 3. The way we live.--book 4. Our changing technology. --book 6. Literature in English. |
| 650 | 0 | @aEnglish language @xTextbooks for foreign speakers. |
| 700 | 10 | @aSlager, William R. |
| 710 | 20 | @aNational Council of Teachers of English. @b00 @c20020930 @lNLC09 @h2247 @lNLC09 @h2306 @lNLC09 @h1857 |
| 852 | 9 | @bWWJC @cJ08S @k2 @hH319.4 @iETO/1972 |
| English for today / / Project director: William R. Slager. Chief revisers: Lois McIntosh [and others]. Senior consultant: Harold B. Allan. Consultant for readings: Bernice E. Leary.. Book Four:our changing technology.-2nd ed.-New York : : McGraw-Hill, , 1972-75. |
| v. book 1-6 : : ill. ; ; 23 cm. |
| "Student text." .-Book 1. At home and at school.--book 2. The world we live in.--book 3. The way we live.--book 4. Our changing technology. --book 6. Literature in English. |
| ISBN 0070458022 (v. 1). |
| ● |
| 相关链接 |
|
|
|
|
正题名:English for today
索取号:H31/x115:4=2
 
预约/预借
| 序号 | 登录号 | 条形码 | 馆藏地/架位号 | 状态 | 备注 |
| 1 | 68205 | 001040929 | 第四借阅区/ [索取号:H31/x115:4=2] | 在馆 | |
| 2 | 68206 | 001040885 | 第四借阅区/ [索取号:H31/x115:4=2] | 在馆 | |
| 3 | 68207 | 001040983 | 第四借阅区/ [索取号:H31/x115:4=2] | 在馆 | |
| 4 | 68208 | 001040956 | 第四借阅区/ [索取号:H31/x115:4=2] | 在馆 |